山形県の戦前市制・町制 - Statistics

General Stats
  • This quiz has been taken 118 times
  • The average score is 30 of 36
Answer Stats
施行日 施行内容 所属郡 回答 % Correct
1889.04.01 市制 (市) 山形市
100%
1889.04.01 市制 (市) 米沢市
100%
1889.04.01 町制 東村山郡 天童町
100%
1889.04.01 町制 最上郡 新庄町
98%
1896.06.15 町制 北村山郡 東根町
98%
1924.10.01 市制 (市) 鶴岡市
98%
1933.04.01 市制 (市) 酒田市
98%
1889.04.01 町制 西田川郡 鶴岡町
95%
1889.04.01 町制 飽海郡 酒田町
95%
1893.01.07 町制 西村山郡 寒河江町
95%
1897.07.26 町制 北村山郡 尾花沢町
95%
1889.04.01 町制 南村山郡 上山町
94%
1889.04.01 町制 西置賜郡 長井町
94%
1941.04.01 町制 飽海郡 遊佐町
94%
1895.12.12 町制 東置賜郡 赤湯町
92%
1897.04.22 町制 北村山郡 大石田町
92%
1896.08.17 町制 西村山郡 左沢町
90%
1918.05.05 町制 東田川郡 余目町
90%
1942.11.03 町制 西置賜郡 小国町
89%
1896.07.27 町制 東村山郡 山辺町
84%
1892.03.18 町制 北村山郡 楯岡町
82%
1938.04.01 町制 西田川郡 温海町
81%
1889.04.01 町制 東置賜郡 宮内町
77%
1925.06.01 町制 最上郡 金山町
74%
1890.06.14 町制 西田川郡 大山町
73%
1895.12.12 町制 東置賜郡 高畑町
73%
1890.12.03 町制 西置賜郡 荒砥町
69%
1889.04.01 町制 飽海郡 松嶺町
65%
1897.08.26 町制 東村山郡 長崎町
65%
1928.04.01 町制 西村山郡 宮宿町
63%
1890.10.22 町制 東置賜郡 小松町
61%
1890.10.27 町制 西田川郡 加茂町
61%
1896.04.02 町制 西村山郡 谷地町
61%
1900.02.08 町制 西村山郡 白岩町
58%
1922.05.10 町制 東田川郡 藤島町
56%
1937.04.01 町制 東田川郡 狩川町
55%
No matching quizzes found
Score Distribution
Percent of People with Each Score
Percentile by Number Answered
Your Score History
You have not taken this quiz